Statistics for Sonic Characters by Clue

Click here to take the quiz!

General Stats

  • This quiz has been taken 60 times
  • The average score is 11 of 12

Answer Stats

Clue Answer % Correct
World's fastest hedgehog.Sonic
100%
Fox with an IQ of 300.Tails
100%
Hedgehog with a pink hammer.Amy
100%
Hedgehog who can use telekinesis.Silver
100%
Treasure-hunting bat.Rouge
100%
Cat who can control fire.Blaze
100%
Guardian of the master emerald.Knuckles
98%
Hedgehog made by Gerald Robotnik.Shadow
98%
Alter ego: Ivo Robotnik.Eggman
93%
Eggman's most successful robot.Metal Sonic
80%
The most powerful E-series robot.Omega
78%
The water god.Chaos
76%

Score Distribution

Percentile by Number Answered

Percent of People with Each Score

Your Score History

You have not taken this quiz